000 00843nam a2200253Ia 4500
003 OSt
005 20220930064048.0
006 a|||||r|||| 00| 0
007 ta
008 220926b |||||||| |||| 00| 0 eng d
024 _a3682
037 _cTheses
040 _aCRL
_cCRL
_beng
041 _2eng
_aeng
100 _aDaljeet Singh
110 _aUniversity of Delhi. Faculty of Science. Department of Chemistry
_9519399
245 0 _aAcid catalysed condensation of but-1, 3-diene and but-3-En-2-ol with phenolics and synthesis of some coumarin derivatives
260 _c1984
650 _aCHEMISTRY
700 _a Prof V K Ahluwalia Supervisor
700 _aUniversity of Delhi. Faculty of Science. Department of Chemistry
_9519402
942 _cDIS
_2CC
999 _c857673
_d857673